Save Energy (Record no. 120216)

MARC details
000 -LEADER
fixed length control field 00595cam a2200133 4500
001 - CONTROL NUMBER
control field WS120453
008 - FIXED-LENGTH DATA ELEMENTS--GENERAL INFORMATION
fixed length control field 021114n 000 0 eng u
035 ## - SYSTEM CONTROL NUMBER
System control number (Sirsi) u120453
245 ## - TITLE STATEMENT
Title Save Energy
520 ## - SUMMARY, ETC.
Summary, etc. Web site giving details of how to minimise energy costs in the home. Includes a virtual home tour showing where savings can be made, a database of available grants and news stories.
690 ## - LOCAL SUBJECT ADDED ENTRY--TOPICAL TERM (OCLC, RLIN)
Topical term or geographic name as entry element ENVIRONMENTAL AND LAND CONSULTANCY-ENERGY-ENERGY USE-ENERGY EFFICIENCY
856 40 - ELECTRONIC LOCATION AND ACCESS
Uniform Resource Identifier <a href="https://www.saveenergy.co.uk">https://www.saveenergy.co.uk</a>
Public note View the website free of charge at www.saveenergy.co.uk...
942 ## - ADDED ENTRY ELEMENTS (KOHA)
Suppress in OPAC 0
Holdings
Withdrawn status Lost status Source of classification or shelving scheme Damaged status Not for loan Home library Current library Shelving location Date acquired Total Checkouts Full call number Barcode Date last seen Copy number Price effective from Koha item type
    Dewey Decimal Classification     Virtual Virtual Online 14/11/2002   WEB SITE 120453-2001 06/08/2019 1 06/08/2019 Online material